Online katalóg knižníc regiónu Turca

Rozprávočky - naše hračky (Record no. 21684)

MARC details
000 -LEADER
fixed length control field 01882cam a2200529 a 4500
001 - CONTROL NUMBER
control field 21684
003 - CONTROL NUMBER IDENTIFIER
control field VRT
005 - DATE AND TIME OF LATEST TRANSACTION
control field 20260309091443.0
008 - FIXED-LENGTH DATA ELEMENTS--GENERAL INFORMATION
fixed length control field 240226s2002 xo a br 000 m slo
015 ## - NATIONAL BIBLIOGRAPHY NUMBER
National bibliography number SNBA2004/02-00931
020 ## - INTERNATIONAL STANDARD BOOK NUMBER
International Standard Book Number 8055104352
035 ## - SYSTEM CONTROL NUMBER
System control number SNK000409833
035 ## - SYSTEM CONTROL NUMBER
System control number urn:nbn:sk:snk-am3iwmo
035 ## - SYSTEM CONTROL NUMBER
System control number D4149221-6D3D-4F6E-BC23-CEAA1329B70E
035 ## - SYSTEM CONTROL NUMBER
System control number urn:nbn:sk:snk-am00g3au
039 #9 - LEVEL OF BIBLIOGRAPHIC CONTROL AND CODING DETAIL [OBSOLETE]
Level of rules in bibliographic description 202402261918
Level of effort used to assign nonsubject heading access points VLOAD
Level of effort used to assign subject headings 202202061447
Level of effort used to assign classification AUTHORITY
Level of effort used to assign subject headings 202202061431
Level of effort used to assign classification AUTHORITY
Level of effort used to assign subject headings 202201070907
Level of effort used to assign classification VLOAD
040 ## - CATALOGING SOURCE
Original cataloging agency SNK
Language of cataloging slo
Transcribing agency SNK
Description conventions AACR2
041 1# - LANGUAGE CODE
Language code of text/sound track or separate title slo
Language code of original cze
044 ## - COUNTRY OF PUBLISHING/PRODUCING ENTITY CODE
MARC country code xo
ISO country code SK
072 #7 - SUBJECT CATEGORY CODE
Subject category code 821.162.3
Subject category code subdivision Česká literatúra
Source konspekt
072 #7 - SUBJECT CATEGORY CODE
Subject category code 821-93
Subject category code subdivision Literatúra pre deti a mládež (beletria)
Source konspekt
080 ## - UNIVERSAL DECIMAL CLASSIFICATION NUMBER
Universal Decimal Classification number 821.162.3-34
Edition identifier 2011
080 ## - UNIVERSAL DECIMAL CLASSIFICATION NUMBER
Universal Decimal Classification number 821.162.3-1
Edition identifier 2011
080 ## - UNIVERSAL DECIMAL CLASSIFICATION NUMBER
Universal Decimal Classification number 82-1-053.2
Edition identifier 2011
080 ## - UNIVERSAL DECIMAL CLASSIFICATION NUMBER
Universal Decimal Classification number 82-93-053.4/.5
Edition identifier 2011
100 1# - MAIN ENTRY--PERSONAL NAME
Personal name Provazníková, Věra,
Dates associated with a name 1947-
Relationship aut
240 10 - UNIFORM TITLE
Uniform title Pidihrátky na pohádky
Language of a work Slovensky
245 10 - TITLE STATEMENT
Title Rozprávočky - naše hračky
Statement of responsibility, etc. napísala Věra Provazníková ; ilustrovala Olga Franzová ; z českého originálu preložila Viera Švenková
250 ## - EDITION STATEMENT
Edition statement [1. vydanie]
260 ## - PUBLICATION, DISTRIBUTION, ETC.
Place of publication, distribution, etc. Bratislava
Name of publisher, distributor, etc. Ikar
Date of publication, distribution, etc. 2002
300 ## - PHYSICAL DESCRIPTION
Extent 37 strán
Other physical details ilustrácie (prevažne farebné)
Dimensions 25 cm
490 1# - SERIES STATEMENT
Series statement Lienka
655 #7 - INDEX TERM--GENRE/FORM
Genre/form data or focus term české rozprávky
Source of term SNKPH
655 #7 - INDEX TERM--GENRE/FORM
Genre/form data or focus term literatúra pre deti
Source of term SNKPH
655 #7 - INDEX TERM--GENRE/FORM
Genre/form data or focus term česká poézia
Source of term SNKPH
655 #7 - INDEX TERM--GENRE/FORM
Genre/form data or focus term poézia pre deti
Source of term SNKPH
700 1# - ADDED ENTRY--PERSONAL NAME
Personal name Franzová, Olga
Relationship ill
700 1# - ADDED ENTRY--PERSONAL NAME
Personal name Švenková, Viera,
Dates associated with a name 1937-
Relationship trl
830 #0 - SERIES ADDED ENTRY--UNIFORM TITLE
Uniform title Lienka
910 ## - USER-OPTION DATA (OCLC)
User-option data snk
942 ## - ADDED ENTRY ELEMENTS (KOHA)
Source of classification or shelving scheme Dewey Decimal Classification
Koha item type Krásna literatúra pre deti
Suppress in OPAC No
949 ## - LOCAL PROCESSING INFORMATION (OCLC)
6 270001000210287
a svkbbB 34961
p 648.892
949 ## - LOCAL PROCESSING INFORMATION (OCLC)
6 4710702785
a strmkM
b strmk2008/2785
949 ## - LOCAL PROCESSING INFORMATION (OCLC)
6 2889367921
a savukPV 5423
949 ## - LOCAL PROCESSING INFORMATION (OCLC)
6 17A0385339
a snkSC 111811
b snkKSP 6769/2003
s 6100:20210419
949 ## - LOCAL PROCESSING INFORMATION (OCLC)
6 17A0385340
a snkSC 111811 D1
b snkKSP 6770/2003
Holdings
Stav vyradenia Strata Poškodenie Spôsob nadobudnutia Domovská knižnica Aktuálna knižnica Dátum nadobudnutia Total checkouts Čiarový kód exemplára Date last seen Typ exemplára
      Dar Obecná knižnica Turčianska Štiavnička Obecná knižnica Turčianska Štiavnička 09.03.2026   4738000269 09.03.2026 Krásna literatúra pre deti
Projekt je podporený Slovenskou asociáciou knižníc
Prevádzkuje Turčianska knižnica Martin 2026